[Event "November Quad-A"]
[Site "Winnipeg CAN"]
[Date "2012.11.04"]
[Round "3.3"]
[White "Cleto, Sam"]
[Black "Platt, Alex"]
[Result "1-0"]
[WhiteElo "1856"]
[BlackElo "1820"]
[PlyCount "59"]
[GameId "2160767909411611"]
[EventDate "2012.11.04"]
[EventType "tourn"]
[EventRounds "3"]
[EventCountry "CAN"]
[SourceTitle "EXT 2022"]
[Source "ChessBase"]
[SourceDate "2021.10.06"]
[SourceVersion "1"]
[SourceVersionDate "2021.10.06"]
[SourceQuality "1"]

1. Nf3 Nf6 2. c4 c5 3. Nc3 Nc6 4. a3 g6 5. d4 cxd4 6. Nxd4 Bg7 7. e4 O-O 8. Nxc6 bxc6 9. Bd3 d6 10. O-O Rb8 11. Rb1 c5 12. Bg5 h6 13. Be3 Ng4 14. Bd2 Ne5 15. Be2 Bb7 16. Qc1 Kh7 17. f4 Nc6 18. f5 Nd4 19. Bd3 Nb3 20. Qe1 Nxd2 21. Qxd2 Be5 22. Nd5 e6 23. fxg6+ fxg6 24. Rxf8 Qxf8 25. Rf1 Qg7 26. Nf4 Re8 27. b4 Bc3 28. Qc2 Qe5 29. Qa4 cxb4 30. Qxe8 1-0

[Event "November Quad-A"]
[Site "Winnipeg CAN"]
[Date "2012.11.04"]
[Round "3.3"]
[White "Rutter, Blair"]
[Black "Boron, Anthony"]
[Result "1-0"]
[WhiteElo "1822"]
[BlackElo "1989"]
[PlyCount "83"]
[GameId "2160767909411612"]
[EventDate "2012.11.04"]
[EventType "tourn"]
[EventRounds "3"]
[EventCountry "CAN"]
[SourceTitle "EXT 2022"]
[Source "ChessBase"]
[SourceDate "2021.10.06"]
[SourceVersion "1"]
[SourceVersionDate "2021.10.06"]
[SourceQuality "1"]

1. c4 c6 2. d4 d5 3. e3 Nf6 4. Nc3 a6 5. Bd2 Nbd7 6. Nf3 g6 7. Bd3 Bg7 8. O-O O-O 9. Qb3 Qb6 10. Qc2 Re8 11. Na4 Qd8 12. cxd5 cxd5 13. Rac1 b5 14. Nc5 Qb6 15. b4 Bb7 16. Ne5 Nxe5 17. dxe5 Ne4 18. Bxe4 dxe4 19. Bc3 Rac8 20. Bd4 Qc7 21. Qb2 Qc6 22. h3 Ba8 23. Rc3 Qd5 24. Rc2 Rc6 25. Rd1 Bxe5 26. Rcd2 Bxd4 27. Rxd4 Qf5 28. Rd8 Rc8 29. Rxe8+ Rxe8 30. Nxa6 Rc8 31. Nc5 e6 32. Nd7 Rd8 33. Nf6+ Qxf6 34. Qxf6 Rxd1+ 35. Kh2 Bd5 36. a3 Rd2 37. Kg3 Rd3 38. Qb2 Rb3 39. Qc1 Bc4 40. Kf4 Bd3 41. Kg5 Bc4 42. Kh6 1-0

[Event "November Quad-B"]
[Site "Winnipeg CAN"]
[Date "2012.11.04"]
[Round "1"]
[White "Trueman, Francis"]
[Black "Magyar, Peter"]
[Result "0-1"]
[WhiteElo "1491"]
[BlackElo "1648"]
[PlyCount "97"]
[GameId "2160767909411613"]
[EventDate "2012.11.04"]
[EventType "swiss"]
[EventRounds "3"]
[EventCountry "CAN"]
[SourceTitle "EXT 2022"]
[Source "ChessBase"]
[SourceDate "2021.10.06"]
[SourceVersion "1"]
[SourceVersionDate "2021.10.06"]
[SourceQuality "1"]

1. Nf3 d5 2. d3 Bg4 3. Nbd2 Bxf3 4. Nxf3 e6 5. g3 Nf6 6. Bg2 Bd6 7. O-O O-O 8. Re1 Nc6 9. c3 a5 10. Qc2 Re8 11. e4 h6 12. e5 Nxe5 13. Nxe5 Bc5 14. Qe2 c6 15. Kh1 Bd6 16. Bf4 Bc5 17. d4 Ba7 18. h4 b5 19. Nxc6 Qc8 20. Ne5 Rf8 21. Rg1 Ne8 22. Bf3 Bb8 23. Bd2 Nd6 24. Bh5 Ba7 25. Qg4 Nf5 26. Qe2 g6 27. Qg4 Kh7 28. Nxg6 Rg8 29. Qe2 fxg6 30. Bf3 Nd6 31. g4 Nc4 32. Bf4 Bb8 33. Bxb8 Rxb8 34. b3 Nd6 35. Qe3 Qc7 36. h5 g5 37. Qd3+ Kh8 38. Rae1 Rbe8 39. Bd1 Ne4 40. Re2 Ref8 41. Rg2 Nxc3 42. Rxe6 Ne4 43. f3 Qc8 44. Rxh6+ Kg7 45. Rg6+ Kf7 46. fxe4 Rxg6 47. Rf2+ Rf6 48. Rxf6+ Kxf6 49. exd5 0-1

[Event "November Quad-B"]
[Site "Winnipeg CAN"]
[Date "2012.11.04"]
[Round "1.3"]
[White "Campbell, Jamie"]
[Black "Gilbang, Jhun"]
[Result "0-1"]
[WhiteElo "1704"]
[BlackElo "1530"]
[PlyCount "80"]
[GameId "2160767909411614"]
[EventDate "2012.11.04"]
[EventType "swiss"]
[EventRounds "3"]
[EventCountry "CAN"]
[SourceTitle "EXT 2022"]
[Source "ChessBase"]
[SourceDate "2021.10.06"]
[SourceVersion "1"]
[SourceVersionDate "2021.10.06"]
[SourceQuality "1"]

1. Nf3 d5 2. c4 d4 3. e3 Bg4 4. h3 Bxf3 5. Qxf3 Nc6 6. g3 Qd6 7. Bg2 Nf6 8. O-O e5 9. exd4 Qxd4 10. d3 Be7 11. Nc3 a6 12. Re1 O-O 13. Nd5 Nxd5 14. Qxd5 Qb6 15. Be3 Qxb2 16. Rab1 Qxa2 17. Rxb7 Nb4 18. Qe4 Nc2 19. Rc1 Nxe3 20. Qxe3 Qa5 21. d4 Bf6 22. dxe5 Bxe5 23. f4 Bf6 24. Qe4 Rfe8 25. Qb1 Bd4+ 26. Kh1 Qc5 27. Rd1 Rad8 28. Bd5 Re7 29. Qd3 Bf6 30. Bxf7+ Rxf7 31. Qxd8+ Bxd8 32. Rxd8+ Rf8 33. Rxf8+ Kxf8 34. Rb8+ Kf7 35. Kg2 Qxc4 36. Kf2 Qd4+ 37. Kf3 h5 38. g4 Qd3+ 39. Kg2 h4 40. Rh8 Qg3+ 0-1

[Event "November Quad-B"]
[Site "Winnipeg CAN"]
[Date "2012.11.04"]
[Round "1.3"]
[White "Reimer, Bruce"]
[Black "Towns, Barry"]
[Result "0-1"]
[WhiteElo "1554"]
[BlackElo "1705"]
[PlyCount "76"]
[GameId "2160767909411615"]
[EventDate "2012.11.04"]
[EventType "swiss"]
[EventRounds "3"]
[EventCountry "CAN"]
[SourceTitle "EXT 2022"]
[Source "ChessBase"]
[SourceDate "2021.10.06"]
[SourceVersion "1"]
[SourceVersionDate "2021.10.06"]
[SourceQuality "1"]

1. c4 Nf6 2. Nc3 e5 3. g3 Bc5 4. e3 O-O 5. Bg2 c6 6. Nge2 d5 7. cxd5 cxd5 8. O-O e4 9. h3 Nc6 10. a3 Ne5 11. b4 Bd6 12. Nf4 g5 13. Nfxd5 Nxd5 14. Nxd5 g4 15. Bxe4 f5 16. Bh1 Bd7 17. Nf4 Bb5 18. d4 Nf3+ 19. Bxf3 Bxf4 20. Bxg4 Bxf1 21. Kxf1 Bxg3 22. Qb3+ Kg7 23. Bh5 Qh4 24. fxg3 Qxh3+ 25. Kf2 Qh2+ 26. Kf3 Qxh5+ 27. Kg2 Qe2+ 28. Kg1 Qf3 29. Ra2 Rf6 30. Rf2 Qg4 31. d5 Kg6 32. Bb2 Rc8 33. Kg2 Qe4+ 34. Kg1 Rd6 35. Rf4 Qc2 36. Qa2 Qd1+ 37. Rf1 Qxd5 38. Qb1 Qd3 0-1

[Event "November Quad-B"]
[Site "Winnipeg CAN"]
[Date "2012.11.04"]
[Round "2.3"]
[White "Gilbang, Jhun"]
[Black "Reimer, Bruce"]
[Result "1-0"]
[WhiteElo "1530"]
[BlackElo "1554"]
[PlyCount "67"]
[GameId "2160767909411616"]
[EventDate "2012.11.04"]
[EventType "swiss"]
[EventRounds "3"]
[EventCountry "CAN"]
[SourceTitle "EXT 2022"]
[Source "ChessBase"]
[SourceDate "2021.10.06"]
[SourceVersion "1"]
[SourceVersionDate "2021.10.06"]
[SourceQuality "1"]

1. e4 Nf6 2. e5 Nd5 3. d4 d6 4. Nf3 Bg4 5. Bc4 Bxf3 6. Qxf3 e6 7. Bxd5 exd5 8. Qxd5 c6 9. Qb3 Qc7 10. O-O Be7 11. Bf4 O-O 12. exd6 Bxd6 13. Bxd6 Qxd6 14. Qxb7 Nd7 15. Nc3 Rfb8 16. Qa6 Rxb2 17. Qd3 Re8 18. Ne4 Qg6 19. f3 Qh6 20. Rf2 Reb8 21. c4 Rxf2 22. Nxf2 c5 23. Rd1 Qe6 24. d5 Qe7 25. Ng4 Rb2 26. a3 Re2 27. Kf1 Rb2 28. Re1 Qg5 29. d6 h5 30. Nf2 Ne5 31. Qc3 Rxf2+ 32. Kxf2 Qh4+ 33. Kg1 Nd3 34. Re8+ 1-0

[Event "November Quad-B"]
[Site "Winnipeg CAN"]
[Date "2012.11.04"]
[Round "2.3"]
[White "Towns, Barry"]
[Black "Magyar, Peter"]
[Result "1-0"]
[WhiteElo "1705"]
[BlackElo "1648"]
[PlyCount "27"]
[GameId "2160767909411617"]
[EventDate "2012.11.04"]
[EventType "swiss"]
[EventRounds "3"]
[EventCountry "CAN"]
[SourceTitle "EXT 2022"]
[Source "ChessBase"]
[SourceDate "2021.10.06"]
[SourceVersion "1"]
[SourceVersionDate "2021.10.06"]
[SourceQuality "1"]

1. e4 e6 2. Nf3 d5 3. e5 Nh6 4. d4 Be7 5. Bd3 O-O 6. h4 Kh8 7. Nc3 Ng8 8. h5 f6 9. Nh4 fxe5 10. Ng6+ hxg6 11. hxg6+ Nh6 12. Bxh6 e4 13. Bg5+ Kg8 14. Qh5 1-0

[Event "November Quad-B"]
[Site "Winnipeg CAN"]
[Date "2012.11.04"]
[Round "2.3"]
[White "Trueman, Francis"]
[Black "Campbell, Jamie"]
[Result "1/2-1/2"]
[WhiteElo "1491"]
[BlackElo "1704"]
[PlyCount "117"]
[GameId "2160767909411618"]
[EventDate "2012.11.04"]
[EventType "swiss"]
[EventRounds "3"]
[EventCountry "CAN"]
[SourceTitle "EXT 2022"]
[Source "ChessBase"]
[SourceDate "2021.10.06"]
[SourceVersion "1"]
[SourceVersionDate "2021.10.06"]
[SourceQuality "1"]

1. Nf3 d5 2. d3 g6 3. Nbd2 f5 4. g3 Bg7 5. Bg2 e5 6. O-O Nc6 7. c3 Nf6 8. e4 O-O 9. exd5 Qxd5 10. Ng5 Qxd3 11. Qb3+ Kh8 12. Nf7+ Rxf7 13. Qxf7 Bd7 14. Nf3 e4 15. Ne1 Qb5 16. Bf4 Qxb2 17. Rd1 Nd8 18. Qc4 c6 19. Rd2 Qb6 20. Nc2 Nd5 21. Be3 Qc7 22. Rxd5 b5 23. Rxb5 Be6 24. Qc5 Nb7 25. Rxb7 Qxb7 26. Bd4 Bxa2 27. Bxg7+ Kxg7 28. Rd1 Bd5 29. Bf1 Qb2 30. Ne3 Qb3 31. Nxd5 Qxd1 32. Qxc6 Rf8 33. Kg2 Qf3+ 34. Kg1 Kh6 35. Qd6 Rc8 36. Nf4 e3 37. Be2 exf2+ 38. Kf1 Qxc3 39. Kxf2 Qc5+ 40. Qxc5 Rxc5 41. Ne6 Re5 42. Nf4 a5 43. Nd3 Re4 44. Nc5 Rb4 45. Bd1 Kg5 46. Kf3 Kf6 47. h4 h6 48. Ke3 Ke5 49. Nd3+ Kd5 50. Nxb4+ axb4 51. Bb3+ Ke5 52. Bf7 g5 53. hxg5 hxg5 54. Bg6 b3 55. Bf7 b2 56. Ba2 Kf6 57. Bb1 Kg6 58. Bc2 Kf6 59. Bb1 1/2-1/2

[Event "November Quad-B"]
[Site "Winnipeg CAN"]
[Date "2012.11.04"]
[Round "3.3"]
[White "Gilbang, Jhun"]
[Black "Towns, Barry"]
[Result "1-0"]
[WhiteElo "1530"]
[BlackElo "1705"]
[PlyCount "73"]
[GameId "2160767909411619"]
[EventDate "2012.11.04"]
[EventType "swiss"]
[EventRounds "3"]
[EventCountry "CAN"]
[SourceTitle "EXT 2022"]
[Source "ChessBase"]
[SourceDate "2021.10.06"]
[SourceVersion "1"]
[SourceVersionDate "2021.10.06"]
[SourceQuality "1"]

1. e4 e5 2. d4 exd4 3. Qxd4 Nc6 4. Qa4 Nf6 5. Bg5 Bb4+ 6. c3 Bc5 7. Nf3 h6 8. Bh4 O-O 9. Nbd2 Re8 10. O-O-O a6 11. h3 b5 12. Bxb5 Bb7 13. Bd3 d6 14. Nc4 g5 15. Nxg5 hxg5 16. Bxg5 Ne5 17. f4 Nxd3+ 18. Rxd3 Rxe4 19. Qb3 Rb8 20. Ne5 Qe8 21. Bxf6 dxe5 22. Rg3+ Kh7 23. Rg7+ Kh6 24. g4 exf4 25. g5+ Kh5 26. Rh7+ Kg6 27. Rg7+ Kf5 28. Qc2 Bd5 29. Rd1 Bxa2 30. b4 Be3+ 31. Kb2 Be6 32. Bd4 Qc6 33. Bxe3 fxe3 34. Rf1+ Ke5 35. Qh2+ Kd5 36. Rd1+ Kc4 37. Qe2# 1-0

[Event "November Quad-B"]
[Site "Winnipeg CAN"]
[Date "2012.11.04"]
[Round "3.3"]
[White "Magyar, Peter"]
[Black "Campbell, Jamie"]
[Result "0-1"]
[WhiteElo "1648"]
[BlackElo "1704"]
[PlyCount "82"]
[GameId "2160767909411620"]
[EventDate "2012.11.04"]
[EventType "swiss"]
[EventRounds "3"]
[EventCountry "CAN"]
[SourceTitle "EXT 2022"]
[Source "ChessBase"]
[SourceDate "2021.10.06"]
[SourceVersion "1"]
[SourceVersionDate "2021.10.06"]
[SourceQuality "1"]

1. e4 d6 2. d4 Nf6 3. Nc3 g6 4. Nf3 Bg7 5. Bc4 O-O 6. O-O Nxe4 7. Nxe4 d5 8. Bd3 dxe4 9. Bxe4 Nd7 10. c3 Nf6 11. Bd3 b6 12. Bg5 Bb7 13. Re1 Re8 14. h3 Qd6 15. Ne5 Rad8 16. Bc4 e6 17. Be2 h6 18. Bh4 g5 19. Bg3 Qe7 20. Bf3 Bxf3 21. Qxf3 Rd5 22. Qd3 c5 23. Rad1 Qb7 24. Nc4 Red8 25. Nd6 R5xd6 26. Bxd6 Rxd6 27. Rd2 Nd5 28. Qf3 cxd4 29. c4 Qd7 30. cxd5 Rxd5 31. Rc1 Rc5 32. Rdc2 Rxc2 33. Rxc2 e5 34. Qd3 f5 35. Qc4+ Kh7 36. f3 e4 37. fxe4 fxe4 38. Rd2 Qf5 39. Rf2 Qc5 40. Qf7 d3 41. Kf1 Qc1# 0-1

[Event "November Quad-B"]
[Site "Winnipeg CAN"]
[Date "2012.11.04"]
[Round "3.3"]
[White "Reimer, Bruce"]
[Black "Trueman, Francis"]
[Result "1/2-1/2"]
[WhiteElo "1554"]
[BlackElo "1491"]
[PlyCount "95"]
[GameId "2160767909411621"]
[EventDate "2012.11.04"]
[EventType "swiss"]
[EventRounds "3"]
[EventCountry "CAN"]
[SourceTitle "EXT 2022"]
[Source "ChessBase"]
[SourceDate "2021.10.06"]
[SourceVersion "1"]
[SourceVersionDate "2021.10.06"]
[SourceQuality "1"]

1. c4 Nf6 2. g3 d6 3. Bg2 Nbd7 4. Nc3 g6 5. d4 Bg7 6. e4 e5 7. Nf3 O-O 8. O-O c6 9. Bg5 Qc7 10. Qd2 Re8 11. h3 Nf8 12. Bh6 Qe7 13. Bg5 h5 14. Rae1 N8h7 15. Bh6 Bd7 16. Bxg7 Kxg7 17. d5 c5 18. Nh4 Rg8 19. f4 exf4 20. Qxf4 Kh8 21. e5 dxe5 22. Rxe5 Qd6 23. Rfe1 g5 24. Rxg5 Qxf4 25. Rxg8+ Rxg8 26. gxf4 Bxh3 27. Kf2 Bd7 28. Bf3 Ng4+ 29. Bxg4 Rxg4 30. Ng2 Nf6 31. Rh1 Kg7 32. Kf3 Kh6 33. Ne3 Rg6 34. f5 Rg8 35. Ne4 Nxe4 36. Kxe4 Re8+ 37. Kf4 Rg8 38. d6 Rd8 39. Ng4+ Kg7 40. Rxh5 f6 41. a3 Be8 42. Rh3 Rxd6 43. Re3 Kf7 44. Nh6+ Kf8 45. Re6 Rd4+ 46. Re4 Rxe4+ 47. Kxe4 Bc6+ 48. Kd3 1/2-1/2

[Event "Ottawa sim"]
[Site "Ottawa CAN"]
[Date "2012.02.23"]
[Round "?"]
[White "Marinkovic, Mate"]
[Black "Shirov, Alexei"]
[Result "0-1"]
[WhiteElo "2111"]
[BlackElo "2710"]
[PlyCount "138"]
[GameId "2160767909576219"]
[EventDate "2012.02.23"]
[EventType "simul"]
[EventRounds "1"]
[EventCountry "CAN"]
[SourceTitle "EXT 2014"]
[Source "ChessBase"]
[SourceDate "2013.11.20"]
[SourceVersion "1"]
[SourceVersionDate "2013.11.20"]
[SourceQuality "1"]

1. c4 e5 2. g3 Nc6 3. Bg2 g6 4. Nc3 Bg7 5. e4 d6 6. Nge2 f5 7. d3 Nf6 8. h3 O-O 9. O-O f4 10. gxf4 Nh5 11. fxe5 dxe5 12. f3 Nd4 13. Nxd4 Qxd4+ 14. Kh2 c6 15. Ne2 Qd6 16. Be3 Be6 17. c5 Qc7 18. Qc2 Rad8 19. b4 Rd7 20. Rab1 Qd8 21. Rbd1 Qh4 22. Bf2 Qf6 23. Be3 Qh4 24. Qd2 h6 25. Bf2 Qd8 26. Qc2 Bf6 27. Be3 Bg5 28. Qd2 Nf4 29. Nxf4 Bxf4+ 30. Bxf4 Rxf4 31. Qb2 Rd4 32. b5 Rf7 33. bxc6 bxc6 34. Qf2 g5 35. Qg3 Qf6 36. Rf2 Rb7 37. Bf1 Kf7 38. Rdd2 h5 39. Rg2 Rb1 40. Rdf2 Qf4 41. Qxf4+ gxf4 42. Rg5 Kf6 43. Rxh5 a5 44. Rh6+ Ke7 45. Rh7+ Kf6 46. Rc7 Bd7 47. h4 a4 48. Bh3 Be8 49. Rd2 Rdb4 50. Ra7 R4b2 51. Rg2 Bh5 52. Bg4 Bxg4 53. fxg4 f3 54. Rxb2 Rxb2+ 55. Kg1 Rxa2 56. Ra6 a3 57. Rxc6+ Ke7 58. Ra6 Rg2+ 59. Kf1 a2 60. g5 Rc2 61. h5 Rc1+ 62. Kf2 a1=Q 63. Rxa1 Rxa1 64. Kxf3 Rg1 65. g6 Kf6 66. Ke3 Rc1 67. d4 Rc3+ 68. Kd2 exd4 69. e5+ Kg7 0-1

[Event "Ottawa sim"]
[Site "Ottawa CAN"]
[Date "2012.02.23"]
[Round "?"]
[White "Shirov, Alexei"]
[Black "Doubleday, William"]
[Result "1-0"]
[WhiteElo "2710"]
[BlackElo "2063"]
[PlyCount "109"]
[GameId "2160767909576220"]
[EventDate "2012.02.23"]
[EventType "simul"]
[EventRounds "1"]
[EventCountry "CAN"]
[SourceTitle "EXT 2014"]
[Source "ChessBase"]
[SourceDate "2013.11.20"]
[SourceVersion "1"]
[SourceVersionDate "2013.11.20"]
[SourceQuality "1"]

1. d4 d5 2. c4 c6 3. Nc3 Nf6 4. Nf3 e6 5. Bg5 dxc4 6. e4 b5 7. e5 h6 8. Bh4 g5 9. Nxg5 Nd5 10. Nxf7 Qxh4 11. Nxh8 Bb4 12. Rc1 Qe4+ 13. Qe2 Qxd4 14. Qh5+ Kd8 15. Be2 Nxc3 16. bxc3 Bxc3+ 17. Kf1 Bd2 18. Rc2 Na6 19. g3 c3 20. Qf7 Nb4 21. Rxd2 cxd2 22. Kg2 a5 23. Rd1 Nd5 24. Ng6 Bd7 25. Qf8+ Be8 26. Qd6+ Kc8 27. Ne7+ Kb7 28. Bf3 Rd8 29. Qxe6 Nxe7 30. Qxe7+ Kb6 31. e6 Bg6 32. Qh4 Qxh4 33. gxh4 Bf5 34. e7 Re8 35. Rxd2 Rxe7 36. Kg3 Be4 37. Bxe4 Rxe4 38. f4 h5 39. f5 Rg4+ 40. Kf3 Kc7 41. h3 Rg8 42. Kf4 c5 43. f6 c4 44. Kf5 c3 45. Rf2 b4 46. f7 Rf8 47. Kg6 a4 48. Rf4 Rb8 49. Rxb4 Rxb4 50. f8=Q Rb6+ 51. Kxh5 Rc6 52. Qf4+ Kd7 53. Qf5+ Kc7 54. Qc2 Kd7 55. Kg5 1-0

[Event "Ottawa sim"]
[Site "Ottawa CAN"]
[Date "2012.02.23"]
[Round "?"]
[White "Shirov, Alexei"]
[Black "Sadeghi, Saeid"]
[Result "1/2-1/2"]
[WhiteElo "2710"]
[BlackElo "2138"]
[PlyCount "74"]
[GameId "2160767909576222"]
[EventDate "2012.02.23"]
[EventType "simul"]
[EventRounds "1"]
[EventCountry "CAN"]
[SourceTitle "EXT 2014"]
[Source "ChessBase"]
[SourceDate "2013.11.20"]
[SourceVersion "1"]
[SourceVersionDate "2013.11.20"]
[SourceQuality "1"]

1. d4 d5 2. c4 c6 3. Nf3 Nf6 4. e3 g6 5. Nc3 Bg7 6. Bd3 O-O 7. O-O Nbd7 8. Re1 Re8 9. e4 Nxe4 10. Nxe4 dxe4 11. Bxe4 Nf6 12. Bc2 Bg4 13. Be3 Bxf3 14. Qxf3 Qd7 15. Rad1 Qg4 16. Qxg4 Nxg4 17. Bg5 Bf6 18. Bf4 e5 19. dxe5 Nxe5 20. Re4 g5 21. Be3 Red8 22. Re1 Nd3 23. Bxd3 Rxd3 24. h4 h6 25. hxg5 hxg5 26. Rg4 Re8 27. Kf1 Re5 28. Bxa7 Ra5 29. Be3 Rxa2 30. Bxg5 Bxg5 31. Rxg5+ Kf8 32. b4 Rb2 33. b5 Rc3 34. bxc6 Rxc4 35. cxb7 Rxb7 36. g3 Rbc7 37. Rge5 Rc1 1/2-1/2

[Event "Ottawa sim"]
[Site "Ottawa CAN"]
[Date "2012.02.23"]
[Round "?"]
[White "Shirov, Alexei"]
[Black "Upper, John"]
[Result "1-0"]
[WhiteElo "2710"]
[BlackElo "2010"]
[PlyCount "83"]
[GameId "2160767909576223"]
[EventDate "2012.02.23"]
[EventType "simul"]
[EventRounds "1"]
[EventCountry "CAN"]
[SourceTitle "EXT 2014"]
[Source "ChessBase"]
[SourceDate "2013.11.20"]
[SourceVersion "1"]
[SourceVersionDate "2013.11.20"]
[SourceQuality "1"]

1. e4 e6 2. d4 d5 3. Nc3 Nf6 4. e5 Nfd7 5. f4 c5 6. Nf3 Nc6 7. Be3 a6 8. Ne2 Qb6 9. Qc1 Be7 10. c3 O-O 11. g4 f6 12. Bg2 cxd4 13. cxd4 Qb5 14. Qd2 Nb6 15. b3 Bb4 16. Nc3 Qa5 17. Rc1 Ba3 18. Rd1 Bb4 19. Rc1 Ba3 20. Rd1 Bd7 21. O-O Bb4 22. Rc1 Rac8 23. exf6 Na7 24. fxg7 Rf7 25. Ng5 Rxg7 26. f5 exf5 27. gxf5 Bxc3 28. Qf2 Rf8 29. f6 Rg6 30. f7+ Kg7 31. h4 h5 32. Bf3 Rxf7 33. Qg2 Re7 34. Bxh5 Be8 35. Bxg6 Bxg6 36. Qf3 Nd7 37. h5 Qb4 38. hxg6 Rxe3 39. Qf7+ Kh6 40. Qh7+ Kxg5 41. g7 Nf6 42. g8=Q+ 1-0

[Event "Paul Keres mem (37th)"]
[Site "Richmond CAN"]
[Date "2012.05.19"]
[Round "1"]
[White "Chan, James"]
[Black "Piasetski, Leon"]
[Result "1/2-1/2"]
[WhiteElo "2012"]
[BlackElo "2305"]
[PlyCount "99"]
[GameId "2160767909509278"]
[EventDate "2012.05.19"]
[EventType "swiss"]
[EventRounds "6"]
[EventCountry "CAN"]
[SourceTitle "CBM 148 Extra"]
[Source "ChessBase"]
[SourceDate "2012.06.22"]
[SourceVersion "1"]
[SourceVersionDate "2012.06.22"]
[SourceQuality "1"]

1. e4 c5 2. Nf3 e6 3. d4 cxd4 4. Nxd4 a6 5. Bd3 Bc5 6. Nb3 Be7 7. c4 d6 8. Nc3 b6 9. Qe2 Nd7 10. O-O Ne5 11. Bc2 Qc7 12. Nd2 g5 13. Kh1 Nf6 14. Bb3 Nfd7 15. Nf3 h6 16. Nxe5 dxe5 17. Be3 O-O 18. Rac1 Bb7 19. f3 Rfd8 20. Qf2 Bc5 21. Bxc5 Nxc5 22. Bc2 a5 23. Qg3 Bc6 24. h4 f6 25. Qg4 Rd2 26. Nb1 Rd4 27. b3 Rad8 28. Nc3 Kg7 29. Ne2 Rd2 30. Ng3 Be8 31. a3 Bf7 32. b4 axb4 33. axb4 Na6 34. c5 Nxb4 35. Bb3 Nd3 36. Bxe6 Nxc1 37. Bxf7 Qxf7 38. Rxc1 Rd1+ 39. Rxd1 Rxd1+ 40. Kh2 Qd7 41. Nf5+ Kg6 42. cxb6 Qd2 43. b7 Rb1 44. Ng3 Qf4 45. h5+ Kf7 46. Qd7+ Kf8 47. Qc8+ Ke7 48. Qc7+ Ke6 49. Qc8+ Ke7 50. Qc7+ 1/2-1/2

[Event "Paul Keres mem (37th)"]
[Site "Richmond CAN"]
[Date "2012.05.19"]
[Round "1.1"]
[White "Cao, Jason"]
[Black "Orlov, Georgi"]
[Result "0-1"]
[WhiteElo "2057"]
[BlackElo "2541"]
[PlyCount "54"]
[GameId "2160767909509279"]
[EventDate "2012.05.19"]
[EventType "swiss"]
[EventRounds "6"]
[EventCountry "CAN"]

1. e4 d6 2. d4 Nf6 3. Nc3 g6 4. Nf3 Bg7 5. Be2 O-O 6. O-O c6 7. Be3 b5 8. a3 a6 9. Nd2 Nbd7 10. f4 c5 11. e5 Ne8 12. Bf3 Rb8 13. dxc5 Nxc5 14. Nde4 Nxe4 15. Bxe4 Be6 16. Qf3 dxe5 17. Rad1 Nd6 18. fxe5 Bxe5 19. Bh6 Qb6+ 20. Kh1 Bg7 21. Bxg7 Kxg7 22. Bd5 Nc4 23. Bxc4 bxc4 24. Rb1 Rbd8 25. b4 cxb3 26. cxb3 Bf5 27. Rbc1 Qxb3 0-1

[Event "Paul Keres mem (37th)"]
[Site "Richmond CAN"]
[Date "2012.05.19"]
[Round "1.2"]
[White "Doroshenko, Maxim"]
[Black "Cheng, Jack"]
[Result "1-0"]
[WhiteElo "2512"]
[BlackElo "2086"]
[PlyCount "99"]
[GameId "2160767909509280"]
[EventDate "2012.05.19"]
[EventType "swiss"]
[EventRounds "6"]
[EventCountry "CAN"]

1. Nf3 Nf6 2. c4 g6 3. Nc3 Bg7 4. e4 d6 5. d4 O-O 6. Be2 e5 7. O-O Nc6 8. d5 Ne7 9. b4 Nh5 10. Re1 f5 11. Qc2 Nf6 12. Bb2 h6 13. exf5 Bxf5 14. Qb3 Ne4 15. Rad1 g5 16. c5 Ng6 17. Nxe4 Bxe4 18. Nd2 Bf5 19. Bf3 Nf4 20. Be4 Qf6 21. Qc2 Bxe4 22. Nxe4 Qe7 23. Ba3 Rfd8 24. Qb3 Qf7 25. g3 Nh3+ 26. Kg2 g4 27. cxd6 cxd6 28. b5 Bf8 29. f3 gxf3+ 30. Qxf3 Qxf3+ 31. Kxf3 Ng5+ 32. Nxg5 hxg5 33. Kg4 Rac8 34. Rc1 Be7 35. Rxc8 Rxc8 36. Rc1 Rxc1 37. Bxc1 e4 38. Kf5 Kf7 39. Kxe4 Kg6 40. Bb2 Bd8 41. Ba3 Be7 42. Bb4 a6 43. a4 axb5 44. axb5 Kf6 45. h4 Kg6 46. h5+ Kxh5 47. Kf5 g4 48. Ke6 Bd8 49. Bxd6 Kg6 50. Be7 1-0

[Event "Paul Keres mem (37th)"]
[Site "Richmond CAN"]
[Date "2012.05.19"]
[Round "1.4"]
[White "Yoos, John"]
[Black "Lo, Ryan"]
[Result "1/2-1/2"]
[WhiteElo "2378"]
[BlackElo "2013"]
[PlyCount "132"]
[GameId "2160767909509281"]
[EventDate "2012.05.19"]
[EventType "swiss"]
[EventRounds "6"]
[EventCountry "CAN"]

1. e4 c5 2. Nf3 e6 3. d4 cxd4 4. Nxd4 a6 5. Bd3 Nf6 6. Qe2 d6 7. O-O Qc7 8. c4 Nbd7 9. b3 Be7 10. Bb2 O-O 11. Nc3 b6 12. Rae1 Re8 13. Kh1 Bf8 14. Bb1 e5 15. Nf5 Nc5 16. Ne3 Bb7 17. Ng4 Nxg4 18. Qxg4 g6 19. Rc1 Rac8 20. Nd5 Bxd5 21. cxd5 Qb7 22. Rc3 Rc7 23. Rh3 f6 24. Qh4 Rf7 25. Bc2 b5 26. b4 Na4 27. Bc1 Rc8 28. Bd3 Nb6 29. Bd2 Nc4 30. Be1 Nb2 31. Be2 Be7 32. Qh6 Bf8 33. Qd2 Nc4 34. Qd1 Kh8 35. f4 exf4 36. Rxf4 Ne5 37. Rf1 Bg7 38. Bg4 Nxg4 39. Qxg4 Kg8 40. Qh4 Bh8 41. Rhf3 Rcf8 42. Bg3 Qd7 43. h3 Bg7 44. Qf4 Rd8 45. Qe3 Qb7 46. Rc1 Rc7 47. Rff1 Re7 48. Rc6 f5 49. Bh4 Rxe4 50. Qxe4 fxe4 51. Bxd8 e3 52. Bg5 e2 53. Re1 h6 54. Be3 Qf7 55. Kg1 Qxd5 56. Rc8+ Kh7 57. Rxe2 g5 58. Bf2 Kg6 59. Bg3 Be5 60. Bxe5 dxe5 61. Rc3 h5 62. Rce3 Kf6 63. a3 h4 64. Kf2 Qd4 65. g3 Kf5 66. Kg2 e4 1/2-1/2

[Event "Paul Keres mem (37th)"]
[Site "Richmond CAN"]
[Date "2012.05.19"]
[Round "1.5"]
[White "Awatramani, Janak"]
[Black "Villavieja, Butch"]
[Result "1-0"]
[WhiteElo "2011"]
[BlackElo "2337"]
[PlyCount "117"]
[GameId "2160767909509282"]
[EventDate "2012.05.19"]
[EventType "swiss"]
[EventRounds "6"]
[EventCountry "CAN"]

1. g3 Nf6 2. Bg2 g6 3. d3 Bg7 4. Nc3 O-O 5. e4 d6 6. f4 c6 7. Nf3 Qb6 8. Qe2 Bg4 9. h3 Bxf3 10. Bxf3 Nfd7 11. h4 Re8 12. h5 Nf8 13. hxg6 fxg6 14. Nd1 e6 15. Be3 c5 16. c3 Nc6 17. Nf2 Rad8 18. Kf1 a5 19. Kg2 Qc7 20. Ng4 b6 21. Rh2 d5 22. e5 Ne7 23. Bg1 Nf5 24. Nf2 Qe7 25. Nh3 h6 26. Bf2 Qf7 27. Rah1 Nh7 28. g4 Ne7 29. d4 c4 30. Be3 b5 31. Qd2 b4 32. Nf2 bxc3 33. bxc3 g5 34. fxg5 Rf8 35. Bd1 Nxg5 36. Bxg5 hxg5 37. Kg1 Qf4 38. Qc2 Rf7 39. Rh3 Qxf2+ 40. Qxf2 Rxf2 41. Kxf2 Rb8 42. a4 Rb2+ 43. Ke3 Ng6 44. Rh5 Nh4 45. Rxg5 Ng2+ 46. Kf3 Kf8 47. Be2 Nf4 48. Kxf4 Rxe2 49. Rh7 Rf2+ 50. Kg3 Rf7 51. Rh2 Ke7 52. Rg6 Bf8 53. Rb2 Rf1 54. Rb7+ Kd8 55. Rg8 Kc8 56. Ra7 Kb8 57. Rh7 Ka8 58. g5 Kb8 59. g6 1-0